000 00536nam a2200193Ia 4500
008 151119s9999||||xx |||||||||||||| ||und||
082 _a891.461
082 _bGKKV20386
100 _aबोकील संजीवनी
245 _aकाळीजकुपी
260 _a--
260 _b--
260 _c1994
600 _aबोकील संजीवनी
630 _aकाळीजकुपी
700 _aबोकील संजीवनी
730 _aकाळीजकुपी
942 _cBOOK
999 _c1073265
_d1073262